|
|
|
|
| LEADER |
01641nas a2200493 a 4500 |
| 001 |
c000182202 |
| 003 |
CARM |
| 005 |
20060605095416.0 |
| 008 |
770315d19641992at arz s f0 a0eng |
| 010 |
|
|
|a 74642202 //r87
|
| 019 |
1 |
|
|a 1025792
|5 LACONCORD2021
|
| 022 |
|
|
|a 0067-1894
|
| 035 |
|
|
|a (OCoLC)2239801
|5 LACONCORD2021
|
| 040 |
|
|
|a LC
|b eng
|c LC
|
| 042 |
|
|
|a lc
|a nsdp
|a anuc
|
| 043 |
|
|
|a u-at---
|
| 050 |
|
0 |
|a J905
|b .L3 subser
|a HD9210.A8
|
| 070 |
0 |
|
|a HD9120.A8A8
|
| 072 |
|
0 |
|a E700
|
| 072 |
|
0 |
|a Q100
|
| 072 |
|
0 |
|a L002
|
| 082 |
0 |
4 |
|a 328.94/01 s
|
| 082 |
0 |
4 |
|a 354/.94/008233
|
| 082 |
0 |
4 |
|a 328.94/01
|
| 082 |
0 |
4 |
|a 354/.94/008233
|
| 110 |
2 |
|
|a Australian Honey Board.
|
| 210 |
0 |
|
|a Annu. rep. Aust. Honey Board
|
| 222 |
|
0 |
|a Annual report - Australian Honey Board
|
| 245 |
0 |
0 |
|a Annual report /
|c [Australian Honey Board].
|
| 246 |
3 |
0 |
|a Final report
|
| 260 |
|
|
|a Canberra ; :
|b Govt. Printer.,
|c 1964.
|
| 300 |
|
|
|a v. :
|b ill. ;
|c 25 cm.
|
| 362 |
0 |
|
|a -July-Dec. 1992.
|
| 490 |
1 |
|
|a Parliamentary paper
|
| 500 |
|
|
|a Vol. for July-Dec. 1992 called 30th and final report.
|
| 515 |
|
|
|a Report year ends June 30.
|
| 610 |
2 |
0 |
|a Australian Honey Board
|v Periodicals.
|
| 650 |
|
0 |
|a Honey trade
|z Australia
|v Periodicals.
|
| 830 |
|
0 |
|a Parliamentary paper (Australia. Parliament) .
|
| 852 |
8 |
|
|b CARM
|h A1:AR20C0
|i D07783
|p 0249223
|f SE
|
| 866 |
|
0 |
|a 1(1963)-17(1979/80)
|
| 866 |
|
0 |
|a 1(1963)-17(1979/80)
|
| 999 |
f |
f |
|i 28966b97-effe-5cf7-83e7-c4bf698483db
|s 08cef433-479a-5685-99d5-ab192b0a2a96
|
| 952 |
f |
f |
|p Can circulate
|a CAVAL
|b CAVAL
|c CAVAL
|d CARM 1 Store
|e D07783
|f A1:AR20C0
|h Other scheme
|i book
|k 1(1963)-17(1979/80)
|m 0249223
|